Atap genting atap rembia : (Record no. 72000)

MARC details
000 -LEADER
fixed length control field 00681nam a2200241 i 4500
001 - CONTROL NUMBER
control field C2-0261299
003 - CONTROL NUMBER IDENTIFIER
control field PPAK
005 - DATE AND TIME OF LATEST TRANSACTION
control field 20180727230815.0
008 - FIXED-LENGTH DATA ELEMENTS--GENERAL INFORMATION
fixed length control field 041214s1971 my |||| ||||| | may d
040 ## - CATALOGING SOURCE
Original cataloging agency PPAK
Language of cataloging eng
Transcribing agency PPAK
Description conventions rda
082 04 - DEWEY DECIMAL CLASSIFICATION NUMBER
Classification number 899.282
Edition number 23
090 00 - LOCALLY ASSIGNED LC-TYPE CALL NUMBER (OCLC); LOCAL CALL NUMBER (RLIN)
Classification number (OCLC) (R) ; Classification number, CALL (RLIN) (NR) 899.282
Feature heading KAL
Feature heading KAR
Classification number (OCLC) (R) ; Classification number, CALL (RLIN) (NR) 899.282
Feature heading KAL
Feature heading KIH
100 0# - MAIN ENTRY--PERSONAL NAME
Personal name Kala Dewata,
Relator term author
245 10 - TITLE STATEMENT
Title Atap genting atap rembia :
Remainder of title sa-buah chetrawara tiga babak
264 #1 - PRODUCTION, PUBLICATION, DISTRIBUTION, MANUFACTURE, AND COPYRIGHT NOTICE
Place of production, publication, distribution, manufacture Kuala Lumpur :
Name of producer, publisher, distributor, manufacturer Dewan Bahasa dan Pustaka ,
Date of production, publication, distribution, manufacture, or copyright notice 1971
300 ## - PHYSICAL DESCRIPTION
Extent 115 pages ;
Dimensions 19 cm
336 ## - CONTENT TYPE
Source rdacontent
Content type term text
337 ## - MEDIA TYPE
Source rdamedia
Media type term unmediated
338 ## - CARRIER TYPE
Source rdacarrier
Carrier type term volume
650 10 - SUBJECT ADDED ENTRY--TOPICAL TERM
Topical term or geographic name entry element Malay drama
942 ## - ADDED ENTRY ELEMENTS (KOHA)
-- dc
Koha item type Book
Holdings
Withdrawn Not for loan Current library Shelving location Date acquired Total Checkouts Full call number Barcode Date last seen Koha item type
  Not For Loan Perpustakaan Alor Setar Koleksi Ismail Hussein 22/06/2010   KIH 899.282 KAL A00178011 09/05/2018 Book
  Not For Loan Perpustakaan Baling Koleksi A.Rahmad 14/12/2004   KAR 899.282 KAL A00500379 09/05/2018 Book